| 000 | 00520cam a2200157u 4500 | ||
|---|---|---|---|
| 082 |
_a940.409436 _bWAR |
||
| 100 | 1 |
_aMonash, John, _949421 |
|
| 245 | 1 | 0 | _aWar letters of General Monash, |
| 260 |
_a[Sydney] _bAngus and Robertson limited, _c1935. |
||
| 300 |
_axvii p., 2 l., [3]-299, [1] p. _bfront., illus. (maps) plates, ports. _c21 cm. |
||
| 526 |
_a0 _b0 _c0 _d940_409436000000000_WAR |
||
| 650 | 0 |
_aMCE _9379 |
|
| 650 | 0 |
_aWorld War, 1914-1918 _zAustralia. _949422 |
|
| 700 | 1 |
_aCutlack, F. M. _949423 |
|
| 942 |
_2ddc _cBK |
||
| 999 |
_c552207 _d552207 |
||